000 01361cam a2200349 i 4500
003 EG-GICUC
005 20260428113250.0
008 040831s2004 enka frb 001 0 eng d
020 _a0199249342
020 _a9780199249343
040 _aEQO
_cEQO
_dTJC
_dDLC
_dEG-GICUC
_beng
_erda
050 0 0 _aHD3850
_b.B677 2004
082 0 0 _a338.7
_221
092 0 4 _221
099 _aLaw 13 2004
100 1 _aBortolotti, Bernardo.
245 1 4 _aThe challenges of privatization :
_ban international analysis /
_cBernardo Bortolotti, Domenico Siniscalco.
264 _aOxford ;
_aNew York :
_bOxford University Press,
_c2004.
300 _aviii, 160 pages :
_billustrations ;
_c24 cm.
336 _atext
_2rdacontent
337 _aComputer
_2rdamedia
338 _aOnline Resource
_2rdacarrier
504 _aIncludes bibliographical references (p. [145]-150) and index.
650 0 _aPrivatization.
700 1 _aSiniscalco, Domenico.
856 4 2 _uhttps://fll.law.cu.edu.eg/fulltext/bks/ENGB13-00090.pdf
856 4 1 _3Table of contents only
_uhttp://www.loc.gov/catdir/toc/fy046/2004302125.html
856 4 2 _3Publisher description
_uhttp://www.loc.gov/catdir/enhancements/fy0620/2004302125-d.html
856 4 2 _3Contributor biographical information
_uhttp://www.loc.gov/catdir/enhancements/fy0726/2004302125-b.html
905 _a10
942 _2ddc
_cBK
_e21
_n0
999 _c73844
_d73844